00741 2200241 4500001002100000005001700021008004100038020002200079035002400101040001200125082001500137084002100152090002100173100001700194245011600211250001100327260004000338300003500378504003100413650002100444850001200465990002200477INLIS00000000002542220170505062345.0  a978-979-8242-99-1 0010-021700000000236 aYOPDYOG 223a371.27 aDEP 371.27 Bud E aDEP 371.27 Bud E aBUDI RAHARJA aEvaluasi pembelajaran seni, Konsep dan aplikasinya untuk evaluasi hasil pembelajaran seni budayac/Budi Raharja aCet. 1 aYogyakartabBadan Penrbit ISIc2016 av, 153 hlm.b: ilus.c; 23 cm. aBibliografi : hlm. 144-149 aBelajar-Evaluasi aYOPDYOG aCB-D.11/2016-1314